L'Auvergne-Rhône-Alpes sur une carte - Statistiques

Statistiques générales
  • Ce quiz a été pris 567 fois
  • Le résultat moyen est 37 sur 50
Réponses sur la Carte
Les réponses sont colorées sur une échelle allant du rouge au vert en fonction du pourcentage des utilisateurs qui les ont devinées à leur premier essai. Vous pouvez retrouver ces pourcentages ci-dessous.
 
Statistiques - réponses
Réponse % Correct
522 250 hab Lyon
98%
Pays Suisse
96%
Pays Italie
95%
Massif Alpes
94%
157 477 hab Grenoble
93%
Département Rhône
93%
131 715 hab Annecy
92%
172 718 hab Saint-Etienne
92%
Département Haute-Savoie
91%
Sommet Mont-Blanc
91%
Département Savoie
91%
Département Ain
90%
Département Isère
90%
147 327 hab Clermont-Ferrand
88%
Région Provence-Alpes-Côte-d'Azur
87%
Massif Jura
86%
Département Loire
86%
Département Ardèche
85%
Région Bourgogne-Franche-Comté
85%
Département Cantal
85%
Département Drôme
85%
Massif Massif-Central
85%
Département Puy-de-Dôme
84%
59 856 hab Chambéry
83%
Région Occitanie
82%
Département Allier
81%
Région Centre-Val-de-Loire
81%
Département Haute-Loire
80%
156 928 hab Villeurbanne
80%
64 483 hab Valence
78%
Lac Lac Léman
76%
eau Evian
75%
Région Nouvelle-Aquitaine
75%
41 525 hab Bourg-en-Bresse
70%
attraction Vulcania
67%
25 815 hab Aurillac
66%
Personnalité Georges Pompidou
66%
8 541 hab Privas
65%
eau Station thermale de Vichy
64%
18 629 hab Le-Puy-en-Velay
62%
19 343 hab Moulins
60%
Gastronomie Nougat de Montélimar
56%
Personnalité Alexandre Astier
55%
Personnalité Voltaire
52%
66 363 hab Vénissieux
51%
Gastronomie Fourme-d'Ambert
36%
Gorges Gorges de l'Ardèche
26%
Viaduc Viaduc de Garabit
21%
Grotte Grotte de Choranche
7%
Château Château de la Roche
6%
Aucun quiz correspondant
Distribution des résultats
% des personnes avec chaque résultat
Percentile par nombre de réponses
Votre historique - résultats
Vous n’avez pas pris ce quiz